| 000 | 02711cam a22004814i 4500 | ||
|---|---|---|---|
| 003 | PE-LiUPU | ||
| 005 | 20250731180119.0 | ||
| 008 | 150623s r 000 0 d | ||
| 035 | _a(Sirsi) a26573 | ||
| 040 |
_aPE-LiUPU _bspa _cPE-LiUPU _erda |
||
| 082 | 0 | 4 |
_a530.76 _bR44G _221 |
| 100 | 1 |
_aResnick, Robert, _eautor. |
|
| 245 | 1 | 0 |
_aFundamentos de física y física partes I y II : _bguía de estudio para el estudiante con problemas programados para complementar [a] / _cRobert Resnick. |
| 264 | 1 |
_aMéxico, DF : _bCompañía Editorial Continental, _c1981. |
|
| 300 |
_a398 páginas : _bilustraciones tablas, diágrs., gráficos ; _c32 cm. |
||
| 336 |
_atext _2rdacontent |
||
| 337 |
_aunmediated _2rdamedia |
||
| 338 |
_avolume _2rdacarrier |
||
| 505 | 0 | _aMedición. Vectores. Movimiento en una dimensión. Movimiento en un plano. Dinámica de la partícula. Trabajo y energía. Conservación de la energía. Conservación de la cantidad del movimiento líneal. Choques. Cinemática de la rotación. Dinámica de la rotación. Equilibrio de los cuerpos rígidos. Oscilaciones. Gravitación. Fluidos. Ondas en los medios elásticos. Ondas sonoras. Temperatura. Termodinámica. Teoría cinética de los gases. Conceptos preliminares para la parte II. Carga y materia. El campo eléctrico. Ley de Gauss. Potencial eléctrico. Capacitores y dieléctricos. Corriente y resistencia. Fuerza electromotriz y circuitos. El campo magnético. Ley de Ampere. Ley de Faraday. *Inductancia*. Propiedades magnéticas de la matería. Oscilaciones electromagnéticas. Ondas electromagnéticas. Naturaleza y propagación de la luz. Reflexión y refracción superficies planas. Reflexión y refracción superficies esféricas. Interferencias. Difracción. Redes de difracción. Polarización. Luz y física cuántica. Ondas y partículas. | |
| 526 | _aSEG44 | ||
| 526 | _aSEG26 | ||
| 526 | _aP159 | ||
| 526 | _aP155 | ||
| 526 | _aP154 | ||
| 526 | _aP153 | ||
| 526 | _aP150 | ||
| 526 | _aP100 | ||
| 526 | _aP31 | ||
| 526 | _aP30 | ||
| 526 | _aP26 | ||
| 526 | _aP25 | ||
| 526 | _aP24 | ||
| 526 | _aP22 | ||
| 526 | _aP15 | ||
| 526 | _aP10 | ||
| 650 | 0 | 4 |
_aFísica _xProblemas y ejercicios, etc. _vGuía de estudio. |
| 700 | 1 | _aHalliday, David. | |
| 942 |
_2ddc _cBOOK |
||
| 949 |
_a530.76 R44G _wDEWEY _c1 _i51858 _lCCODEBUL1 _mBUL _p15.00 _r0 _sY _tBOOK _u2015-06-24 _xBIBLIOTECA _zUNKNOWN _0COMPRA _o.STAFF. Colección General |
||
| 596 | _a1 | ||
| 999 |
_a530.76 R44G _wDEWEY _c33618 _i51858 _d33618 _e2017-9-12 _f2021-11-5 _g7 _lCCODEBUL1 _mBUL _n1 _p15.00 _r0 _sN _tBOOK _u2015-6-24 _xBIBLIOTECA _zUNKNOWN _0COMPRA _o.STAFF. Colección General |
||
| 980 |
_81 _gALBERTO SANCHEZ Responsable de Automatización |
||